000
00341pab a2200145 454500
008
180718b1984 xxu||||| |||| 00| 0 eng d
100
_a
Blumler, Jay G.
245
_a
The sound of parliament
260
_c
1984
300
_a
250-66
362
_a
Summer
650
_a
Legislators - U.K.
773
_a
Parliamentary Affairs
909
_a
12582
999
_c
12582
_d
12582